Issue african futures: horizon 2025
Guardado en:
| Formato: | Libro |
|---|---|
| Lenguaje: | inglés |
| Publicado: |
Paris
EU Institute for Security Studies
2017
|
| Materias: | |
| Etiquetas: |
Sin Etiquetas, Sea el primero en etiquetar este registro!
|
MARC
| LEADER | 00000nam a2200000 4500 | ||
|---|---|---|---|
| 001 | 0240071 | ||
| 005 | 20240314123100.2 | ||
| 020 | |a 978-92-9198-630-9 | ||
| 022 | |a 1830-9747 | ||
| 041 | 0 | |a eng | |
| 044 | |a FR | ||
| 245 | 1 | 0 | |a Issue |b african futures: horizon 2025 |
| 264 | 1 | |a Paris |b EU Institute for Security Studies |c 2017 | |
| 300 | |a 80 s. | ||
| 610 | 2 | 0 | |a Afrika |
| 610 | 2 | 0 | |a nerovnosť |
| 610 | 2 | 0 | |a situácia hospodárska |
| 610 | 2 | 0 | |a rast hospodársky |
| 610 | 2 | 0 | |a extrémizmus |
| 610 | 2 | 0 | |a náboženstvo |